Movies Quiz

Random Movies or Clickable Quiz

Questioning Movie Quotes IX? Quiz Stats

 Plays Quiz Updated May 27, 2018

Challenge
Share
Tweet
Embed
Score 0/20 Timer 04:00
3 Plays Today
% Correct
Dude, Where's My Car?
86.9%
Men in Black
85.4%
X-Men
84.1%
Back to the Future Part II
80.9%
Young Frankenstein
79.3%
Cars
71.7%
Kill Bill Vol. 1
68.8%
Thor
68%
It
65.8%
Underworld
59.9%
% Correct
Gangs of New York
52.2%
Pinocchio
50.5%
O Brother, Where Art Thou?
48.4%
Les Misérables
48.3%
A Fish Called Wanda
45.9%
Blade Runner
44.8%
Ben-Hur
40.2%
The Town
38.3%
The Bourne Legacy
34.8%
Princess Mononoke
30.1%

You're not logged in!

Compare scores with friends on all Sporcle quizzes.
Join for Free
OR
Log In

You Might Also Like...

Show Comments

Extras

Top Quizzes Today


Score Distribution

Your Account Isn't Verified!

In order to create a playlist on Sporcle, you need to verify the email address you used during registration. Go to your Sporcle Settings to finish the process.

Report this User

Report this user for behavior that violates our Community Guidelines.

Details: